Gaming Quiz

Random Gaming or Video Games Quiz
Score 0/30 Timer 03:00
0 Plays Today
Hint Sonic (S) or Crash (C)? % Correct
Sonic???
84.8%
Knuckles???
83.8%
Tails???
82.2%
Doctor Eggman???
81.2%
Shadow???
79.6%
Rouge???
75.4%
Amy Rose???
74.1%
Silver???
73.5%
Cream???
71.5%
Sticks???
68.6%
Cubot???
68.3%
Crash???
68%
Orbot???
68%
Uka Uka???
67%
Fang???
67%
Hint Sonic (S) or Crash (C)? % Correct
Aku Aku???
66.7%
Papu Papu???
66.3%
Ripper Roo???
65%
Pinstripe Potoroo???
64.7%
Charmy Bee???
64.7%
Dingodile???
63.8%
Tiny Tiger???
63.4%
Doctor Neo Cortex???
62.1%
Doctor Nitrus Brio???
61.8%
Omochao???
61.8%
Nitros Oxide???
61.2%
Coco???
60.5%
Koala Kong???
60.2%
Tawna???
58.6%
Crunch???
57%
Remove Ads.
Support Sporcle.
Get the best of Sporcle when you Go Orange. This ad-free experience offers more features, more stats, and more fun while also helping to support Sporcle. Thank you for becoming a member.

You're not logged in!

Compare scores with friends on all Sporcle quizzes.
OR
Log In

Sporcle TV

Today on Sporcle TV


Watch our educational content, quiz creation guides, and fun videos on Sporcle TV.

Show Comments

Extras

Created May 8, 2020ReportNominate
Tags:Video Games Quiz

Top Quizzes Today


Score Distribution

Paid Content

Your Account Isn't Verified!

In order to create a playlist on Sporcle, you need to verify the email address you used during registration. Go to your Sporcle Settings to finish the process.

Report this User

Report this user for behavior that violates our Community Guidelines.

Details: